Welcome to the Holygrace Academy Library

Please use search bar below to get started

THE ALTERNATIVE DICTIONARY (Record no. 2115)

MARC details
000 -LEADER
fixed length control field 00287nam a22001217a 4500
020 ## - INTERNATIONAL STANDARD BOOK NUMBER
ISBN 0-00-692901-X
082 ## - DEWEY DECIMAL CLASSIFICATION NUMBER
Classification number 030
Item number JOH/A
100 ## - MAIN ENTRY--AUTHOR NAME
Personal name JOHNSTONE, MICHAEL
245 ## - TITLE STATEMENT
Title THE ALTERNATIVE DICTIONARY
260 ## - PUBLICATION, DISTRIBUTION, ETC. (IMPRINT)
Place of publication LONDON
Name of publisher ARMADA
Year of publication 1987
650 ## - SUBJECT ADDED ENTRY--TOPICAL TERM
Topical Term DICTIONARY
Geographic subdivision UNITED KINGDOM
942 ## - ADDED ENTRY ELEMENTS (KOHA)
Koha item type Books
Holdings
Withdrawn status Lost status Collection code Home library Current library Shelving location Date acquired Source of acquisition Full call number Accession Number Koha item type
    Reference Main Library Main Library SHELF 1 F -DICTIONARY,THEASAURUS 21/05/2004 purchase 030 JOH/A 01502 Books